Loading...

Darwin /

Bibliographic Details
Main Author: George, Wilma B.
Format: Printed Book
Language:English
Published: [London] : Fontana, 1982.
Series:Fontana modern masters
Subjects:
Online Access:Full text
LEADER 00853nam a2200229 a 4500
008 831014s1982 enk b 000 0beng
010 |a  82194820  
020 |a 0006365027 (pbk.) :  |c £1.75 
082 0 0 |a 575/.0092/4  |a B  |2 19 
100 1 |a George, Wilma B. 
245 1 0 |a Darwin /  |c Wilma George. 
260 |a [London] :  |b Fontana,  |c 1982. 
300 |a 160 p. ;  |c 18 cm. 
490 |a Fontana modern masters 
504 |a Bibliography: p. 159-160. 
600 1 0 |a Darwin, Charles,  |d 1809-1882. 
650 0 |a Naturalists  |z England  |x Biography. 
856 |u https://archive.org/details/darwin0000geor  |y Full text 
906 |a 7  |b cbc  |c orignew  |d 3  |e ncip  |f 19  |g y-gencatlg 
942 |2 ddc  |c BK 
999 |c 360413  |d 360413 
952 |0 0  |1 0  |2 ddc  |4 0  |6 575_000000000000000__0092_4_B  |7 3  |9 418726  |a UL  |b UL  |c PROC  |d 2021-08-26  |i G13902  |l 0  |o 575/.0092/4 B  |p G13902  |r 2021-08-26  |w 2021-08-26  |y BK